La arqueología del saber.
Gespeichert in:
| 1. Verfasser: | |
|---|---|
| Weitere Verfasser: | |
| Format: | Buch |
| Sprache: | Spanisch |
| Veröffentlicht: |
México:
Siglo Veintiuno,
2010.
|
| Ausgabe: | Tercera edición, revisada. |
| Schriftenreihe: | Teoría.
|
| Schlagworte: | |
| Tags: |
Tag hinzufügen
Keine Tags, Fügen Sie den ersten Tag hinzu!
|
MARC
| LEADER | 00000cam a2200000 a 4500 | ||
|---|---|---|---|
| 001 | UCH2516 | ||
| 003 | CL-VaPUC | ||
| 005 | 20250321101939.0 | ||
| 008 | 090618t20100000AG |||||||||||||||||spa|d | ||
| 999 | |c 446961 |d 446959 | ||
| 020 | |a 978-607-03-0142-1 | ||
| 040 | |c Pontificia Universidad Católica de Valparaíso | ||
| 082 | 0 | 4 | |a 121 FOU 2010 |2 21 |
| 100 | |a Foucault, Michel |e autor |9 257945 | ||
| 245 | 1 | 3 | |a La arqueología del saber. |
| 250 | |a Tercera edición, revisada. | ||
| 260 | |a México: |b Siglo Veintiuno, |c 2010. | ||
| 300 | |a 273 páginas. | ||
| 490 | |a Teoría. | ||
| 500 | |a c.1. Instituto Arcos.08-01-2025. | ||
| 583 | |a last modification |c 20120829 02:27:12 |k Gabriela Rodríguez Cuevas | ||
| 650 | 0 | |a Epistemología |9 264994 | |
| 650 | 0 | |a Análisis del discurso |9 256696 |x Filosofía | |
| 650 | 0 | |a Sociología del conocimiento |9 308651 | |
| 700 | 1 | |a Garzón del Camino, Aurelio |e traductor |9 863497 | |
| 942 | |c BK |2 ddc |n 0 | ||
| 945 | |d 20090618 00:00:00 |a rbrito | ||
| 952 | |0 0 |1 0 |2 ddc |4 0 |6 121_000000000000000_FOU_2010 |7 0 |9 600243 |a BIBINC |b BIBINC |c GEN |d 2025-01-30 |e Instituto Arcos |i 5665176 |o 121 FOU 2010 |p 5665176 |r 2025-01-31 |t 1 |w 2025-01-30 |y BK |k IFP | ||